Language Quiz

Random Language or Spanish Quiz

Spanish Bee 2020: I/We eat/drink Quiz Stats

 Plays Quiz not verified by Sporcle

Support Sporcle.
Go Orange.
Score 0/20 Timer 01:00
0 Plays Today
% Correct
Bebemos limonada
75%
Como fruta
68.8%
Comemos patatas fritas
68.8%
Bebo té
68.8%
Como ensalada
62.5%
Comemos pizza
62.5%
Comemos fruta
62.5%
Comemos arroz
62.5%
Comemos ensalada
62.5%
Bebo limonada
62.5%
% Correct
Bebo café
62.5%
Bebemos aqua
62.5%
Bebo aqua
56.3%
Bebemos té
56.3%
Bebemos café
56.3%
Como arroz
50%
Bebo zumo de naranja
50%
Bebemos zumo de naranja
50%
Como pizza
43.8%
Como patatas fritas
43.8%

You're not logged in!

Compare scores with friends on all Sporcle quizzes.
OR
Log In
Forgot?

From the Vault

Respiratory System Map

by HappyWife

Take a deep breath, you'll do just fine on this quiz.
Remove Ads.
Support Sporcle.
Get the best of Sporcle when you Go Orange. This ad-free experience offers more features, more stats, and more fun while also helping to support Sporcle. Thank you for becoming a member.

Show Comments

Extras

Created Feb 19, 2020ReportNominate
Tags:Spanish Quiz, bee

Top Quizzes Today


Score Distribution

Your Account Isn't Verified!

In order to create a playlist on Sporcle, you need to verify the email address you used during registration. Go to your Sporcle Settings to finish the process.

Report this User

Report this user for behavior that violates our Community Guidelines.

Details: